Airplane flight dynamics;Automatic flight controls (Record no. 291012)

000 -LEADER
fixed length control field 00277 a2200109 4500
001 - CONTROL NUMBER
control field 55939
082 ## - DEWEY DECIMAL CLASSIFICATION NUMBER
Classification number 629.1329 ROS
090 ## - LOCALLY ASSIGNED LC-TYPE CALL NUMBER (OCLC); LOCAL CALL NUMBER (RLIN)
-- 34642
-- 34642
100 ## - MAIN ENTRY--PERSONAL NAME
Personal name Roskam JOHN
245 ## - TITLE STATEMENT
Title Airplane flight dynamics;Automatic flight controls
260 ## - PUBLICATION, DISTRIBUTION, ETC.
Place of publication, distribution, etc. USA
Name of publisher, distributor, etc. Dar-ul-Arshad
Date of publication, distribution, etc. 1995
942 ## - ADDED ENTRY ELEMENTS (KOHA)
Institution code [OBSOLETE] NUST-CAE
Call number prefix 629.1329 ROS
Holdings
Withdrawn status Lost status Damaged status Not for loan Collection code Permanent Location Current Location Date acquired Total Checkouts Full call number Barcode Date last seen Price effective from Koha item type
          College of Aeronautical Engineering (CAE) College of Aeronautical Engineering (CAE) 04/03/2017   629.1329 ROS CAEN-527 04/05/2017 04/05/2017 Book
© 2023 Central Library, National University of Sciences and Technology. All Rights Reserved.